000 01083cam a2200325 4500
008 090401t1995 xxu||||| |||| 00| 0 eng d
020 _a041920640X
035 _a(Sirsi) u73632
041 _aeng
050 _a692.8
100 _aChappell, David
245 _aUnderstanding JCT standard building contracts.
250 _a4th ed.
260 _aLondon
_bE & FN Spon
_c1995
300 _a115p. ; 24cm.
350 _a13.99
650 _aAGREEMENT FOR MINOR BUILDING WORKS 1980
650 _aMANAGEMENT-DISPUTE AVOIDANCE, MANAGEMENT AND RESOLUTION-DISPUTE MANAGEMENT AND RESOLUTION-ARBITRATION
650 _aCLAIMS
650 _aEXTENSION OF TIME
650 _aIFC 84
650 _aINTERMEDIATE FORM OF BUILDING CONTRACT 1984
650 _aJCT 80
650 _aBUILT ENVIRONMENT-BUILDING CONTRACT FORMS-STANDARD FORMS OF BUILDING CONTRACT-JOINT CONTRACTS TRIBNUAL CONTRACTS
650 _aMW80
650 _aSTANDARD FORM OF BUILDING CONTRACT WITH QUANTITIES 1980
690 _aBUILT ENVIRONMENT-BUILDING CONTRACT FORMS
942 _n0
948 _c04/03/1997
999 _c95656
_d95656